Größte Fußballstadien in Polen - Statistiken

Allgemein
  • Dieses Quiz wurde 10 mal gespielt
  • Das Durchschnittsergebnis liegt bei 3 aus 20
Antwortstatistiken
Stadion Kapazität % Korrekt
Stadion Narodowy im. Kazimierza Górskiego w Warszawie 58,580
63%
Stadion Śląski 55,211
50%
ENEA Stadion 42,837
38%
Stadion Miejski Widzewa Łódź 18,018
38%
Arena Lublin 15,247
25%
Stadion Miejski we Wrocławiu 42,771
25%
Stadion Miejski w Gdyni 15,139
25%
Stadion w Gdańsku 41,620
25%
Arena Kielce 15,500
13%
Stadion Cracovii im. Józefa Piłsudskiego 15,016
13%
Stadion im. Ernesta Pohla w Zabrzu 31,871
13%
Stadion Wojska Polskiego w Warszawie 31,106
13%
Stadion im. Zdzisława Krzyszkowiaka 20,559
0%
Stadion Miejski im. Floriana Krygiera 21,163
0%
Stadion Miejski im. Henryka Reymana 33,130
0%
Stadion Miejski w Białymstoku 22,372
0%
Stadion Miejski w Łodzi 18,029
0%
Stadion miejski w Tychach 15,150
0%
Stadion RKS Skra 35,000
0%
Stadion w Lubinie 16,086
0%
Keine übereinstimmenden Quizze gefunden
Verteilung der Resultate
Anzahl Personen mit jedem Resultat
Perzentil nach korrekt beantworteten Fragen
Ihre Resultats-Entwicklung
Sie haben dieses Quiz noch nicht gespielt